| 000 | 00585nam a2200193 a 4500 | ||
|---|---|---|---|
| 005 | 20140412111255.0 | ||
| 008 | 000816s19uu xx 00 eng d | ||
| 020 | _a0-590-45915-5 | ||
| 050 |
_aTR(PS E _bPi57 1994 |
||
| 100 | _aTeague, Mark | ||
| 245 |
_aPigsty / _cby Mark Teague. |
||
| 260 |
_aNew York : _bScholastic Inc, _c1994. |
||
| 300 | _a1 v. (unp.) ; ill. | ||
| 520 | _aWhen Wendell doesn't clean up his room, a whole herd of pigs comes to live with him. | ||
| 650 | _aPigs-Fiction | ||
| 650 | _aCleanliness-Fiction | ||
| 650 | _aOrderliness-Fiction | ||
| 999 |
_c103219 _d103219 |
||